Dharma-Sastra or the hindus law codes (v.1)/ (Record no. 10504)

000 -LEADER
fixed length control field 00452nam a22001691a 4500
020 ## - INTERNATIONAL STANDARD BOOK NUMBER
ISBN 9788185133133
082 ## - DEWEY DECIMAL CLASSIFICATION NUMBER
Classification number S 294.592 6
Item number MAN/D
245 ## - TITLE STATEMENT
Title Dharma-Sastra or the hindus law codes (v.1)/
Statement of responsibility, etc by Manmatha Nath Dutt(ed.)
260 ## - PUBLICATION, DISTRIBUTION, ETC. (IMPRINT)
Place of publication Lucknow:
Name of publisher Eastern Book Company,
Year of publication 1988.
300 ## - PHYSICAL DESCRIPTION
Number of Pages 466p.
650 ## - SUBJECT ADDED ENTRY--TOPICAL TERM
Topical Term Dharmashastra
650 ## - SUBJECT ADDED ENTRY--TOPICAL TERM
Topical Term Hinduism
650 ## - SUBJECT ADDED ENTRY--TOPICAL TERM
Topical Term Hindu Law
650 ## - SUBJECT ADDED ENTRY--TOPICAL TERM
Topical Term Religion
700 ## - ADDED ENTRY--PERSONAL NAME
Personal name Manmatha Nath Dutt(ed.)
942 ## - ADDED ENTRY ELEMENTS (KOHA)
Koha item type Book
Holdings
Withdrawn status Lost status Damaged status Not for loan Permanent Location Current Location Date acquired Cost, normal purchase price Full call number Accession Number Cost, replacement price Price effective from Koha item type
        Sree Sankaracharya University of Sanskrit Sree Sankaracharya University of Sanskrit 08.01.2015 225.00 S 294.592 6 MAN/D 035520 0.00 08.01.2015 Book
        Sree Sankaracharya University of Sanskrit Sree Sankaracharya University of Sanskrit 08.01.2015 225.00 S 294.592 6 MAN/D 029974 0.00 08.01.2015 Book
        Sree Sankaracharya University of Sanskrit Sree Sankaracharya University of Sanskrit 08.01.2015 500.00 S 294.592 6 MAN/D 044634 0.00 08.01.2015 Book